| 000 | 01227nam a2200241 a 4500 | ||
|---|---|---|---|
| 008 | 101109s2007 ||||||||||||||||| || u | ||
| 020 | _a9780761935582 | ||
| 050 | _aHF 5549.5 Cha | ||
| 100 | _aChanda, Ashok, 1965- | ||
| 245 | 1 | 0 |
_aStrategic human resource technologies: keys to managing people _cAshok Chanda with B. Sivarama Krishna and Jie Shen |
| 260 |
_aThousand Oaks, CA: _bResponse Books _c2007 |
||
| 300 | _a519p.: ill. | ||
| 350 | _a0.00 | ||
| 650 | _aSTRATEGIC PLANNING--DATA PROCESSING | ||
| 650 | 0 | _aMANAGEMENT | |
| 650 | _aMANAGEMENT INFORMATION SYSTEMS | ||
| 650 | _aPERSONNEL MANAGEMENT--TECHNOLOGICAL INNOVATIONS | ||
| 700 | _aKrishna, B. Sivarama | ||
| 700 | _aShen, Jie | ||
| 995 |
_aANNEX COLLECTION (Main Library) _D0.00 _e741963 _FCBU-MAIN LIBRARY (Kitwe) _H1 _I0.00 _jHF 5549.5 Cha _M1 _UAVAILABLE _WNov 16, 2010 _y741963 _ZAnnex Low-Usage Collection |
||
| 995 |
_aMAIN LIBRARY OPEN ACCESS _D0.00 _e742212 _FCBU-MAIN LIBRARY (Kitwe) _H1 _I0.00 _jHF 5549.5 Cha _M2 _UAVAILABLE _WDec 1, 2010 _y742212 _ZMain Library Open Access Collection |
||
| 995 |
_aMAIN LIBRARY OPEN ACCESS _D0.00 _e742189 _FCBU-MAIN LIBRARY (Kitwe) _H1 _I0.00 _jHF 5549.5 Cha _M3 _UAVAILABLE _WDec 20, 2010 _y742189 _ZMain Library Open Access Collection |
||
| 999 |
_c76842 _d76842 |
||